[Event "Spice Cup Open"]
[Site "Saint Louis USA"]
[Date "2012.10.18"]
[Round "7"]
[White "Jayakumar, Adarsh"]
[Black "Agrest, Inna"]
[Result "1-0"]
[WhiteTitle "FM"]
[BlackTitle "WIM"]
[WhiteElo "2290"]
[BlackElo "2204"]
[WhiteFideId "5026520"]
[BlackFideId "1708830"]
[EventDate "2012.10.16"]

1. d4 Nf6 2. c4 g6 3. g3 Bg7 4. Bg2 O-O 5. Nf3 d6 6. Nc3 Nbd7 7. O-O e5 8. e4 a6
9. Qc2 exd4 10. Nxd4 Re8 11. Rd1 Rb8 12. h3 c5 13. Nf3 b5 14. Bf4 b4 15. Bxd6
bxc3 16. Bxb8 Qb6 17. Bf4 Qxb2 18. Ne1 Qxc2 19. Nxc2 Nxe4 20. Re1 Bb7 21. Rad1
Nf8 22. Rd3 f5 23. f3 Nf6 24. Rxc3 Rxe1+ 25. Nxe1 Nh5 26. Rb3 Bc6 27. Rb6 Bd7
28. Bd6 Ne6 29. Rxa6 Bd4+ 30. Kh2 f4 31. g4 Nf6 32. Nd3 Ne8 33. Nxf4 Nxd6 34.
Rxd6 Bc8 35. Rxe6 1-0

[Event "Spice Cup Open"]
[Site "Saint Louis USA"]
[Date "2012.10.18"]
[Round "7"]
[White "Perelshteyn, Eugene"]
[Black "Robson, Ray"]
[Result "0-1"]
[WhiteTitle "GM"]
[BlackTitle "GM"]
[WhiteElo "2528"]
[BlackElo "2602"]
[WhiteFideId "2012529"]
[BlackFideId "2023970"]
[EventDate "2012.10.16"]

1. c4 e6 2. Nc3 d5 3. d4 c6 4. cxd5 exd5 5. Bf4 Bf5 6. e3 Qb6 7. Qd2 Nf6 8. Nge2
Nbd7 9. Ng3 Bg6 10. h4 h5 11. O-O-O Bb4 12. Bd3 Ne4 13. Ngxe4 dxe4 14. Bc4 Nf6
15. a3 Bxc3 16. Qxc3 O-O 17. Qb3 Qxb3 18. Bxb3 Rfe8 19. d5 Nxd5 20. Bxd5 cxd5
21. Rxd5 Re7 22. Rhd1 f6 23. Rd8+ Rxd8 24. Rxd8+ Be8 25. Bd6 Re6 26. Kd2 Kf7 27.
Kc3 g5 28. Bg3 Kg6 29. Kd4 Kf5 30. f3 gxh4 31. Bxh4 exf3 32. gxf3 Bc6 33. e4+
Bxe4 34. Bxf6 Bxf3 35. Be5 h4 36. Rf8+ Kg4 37. Bb8 Re4+ 38. Kd3 a6 39. Bc7 Re7
40. Bd8 Re6 41. Rh8 Be4+ 42. Kd4 h3 43. Bc7 Bg2 44. Rf8 Re7 45. Bb8 Re2 46. Kc3
Bc6 47. Rg8+ Kf5 48. Rf8+ Kg5 49. Rg8+ Kf5 50. Rf8+ Ke4 51. Rf4+ Ke3 52. Rh4 Bg2
53. Rh8 Kf2 54. Ba7+ Ke1 55. Bb8 Kd1 56. Rd8+ Kc1 57. b3 Re3+ 58. Rd3 Rxd3+ 59.
Kxd3 Kb2 60. b4 Kxa3 61. Kc3 Ka4 62. Bd6 b6 63. Kc4 b5+ 64. Kc3 a5 65. bxa5 b4+
66. Kb2 Kxa5 67. Kc2 Ka4 68. Kd2 Kb3 0-1

[Event "Spice Cup Open"]
[Site "Saint Louis USA"]
[Date "2012.10.18"]
[Round "7"]
[White "Amanov, Zhanibek"]
[Black "Hendrickson, Nolan R"]
[Result "0-1"]
[WhiteTitle "IM"]
[WhiteElo "2374"]
[BlackElo "2146"]
[WhiteFideId "13700189"]
[BlackFideId "2038188"]
[EventDate "2012.10.16"]

1. e4 c5 2. Nf3 d6 3. d4 cxd4 4. Nxd4 Nf6 5. Nc3 g6 6. Be3 Bg7 7. f3 Nc6 8. Qd2
O-O 9. O-O-O d5 10. Qe1 e5 11. Nxc6 bxc6 12. exd5 Nxd5 13. Bc4 Be6 14. Ne4 Rb8
15. h4 Qc7 16. Bc5 Rfd8 17. g4 f5 18. gxf5 gxf5 19. Ng3 e4 20. Bb3 Qf4+ 21. Kb1
Qxf3 22. Rf1 Nc3+ 23. bxc3 Rxd1+ 24. Qxd1 Qxc3 25. Kc1 Bxb3 0-1

[Event "Spice Cup Open"]
[Site "Saint Louis USA"]
[Date "2012.10.18"]
[Round "7"]
[White "Hambleton, Aman"]
[Black "Priyadharshan, K."]
[Result "1-0"]
[WhiteTitle "FM"]
[BlackTitle "IM"]
[WhiteElo "2348"]
[BlackElo "2407"]
[WhiteFideId "2606577"]
[BlackFideId "5018293"]
[EventDate "2012.10.16"]

1. d4 Nf6 2. c4 e6 3. Nc3 Bb4 4. Qc2 O-O 5. a3 Bxc3+ 6. Qxc3 Qe8 7. g3 a5 8. b3
d6 9. Bg2 Ra7 10. Nf3 b5 11. O-O a4 12. b4 bxc4 13. Qxc4 Nbd7 14. Qc2 Nb6 15.
Bg5 Ba6 16. Rfe1 Qb5 17. Bxf6 gxf6 18. Nd2 Qh5 19. e4 e5 20. Nf3 Bc8 21. Nh4 Kh8
22. Rac1 Be6 23. Qd3 Qh6 24. Rc3 Rb8 25. Rec1 Rbb7 26. d5 Bd7 27. Qf1 Nc8 28.
Bh3 Bb5 29. Qd1 Ne7 30. Qf3 Qg5 31. Nf5 Bd7 32. Nxe7 Bxh3 33. Nc6 Ra8 34. Na5
Rba7 35. Qe3 Qh5 36. f3 f5 37. exf5 Qxf5 38. Qh6 Rg8 39. Nc6 Rg6 40. Qf8+ Rg8
41. Qxg8+ 1-0

[Event "Spice Cup Open"]
[Site "Saint Louis USA"]
[Date "2012.10.18"]
[Round "7"]
[White "Sharevich, Anna"]
[Black "Cassidy, Brian H"]
[Result "1-0"]
[WhiteTitle "WGM"]
[WhiteElo "2294"]
[BlackElo "2098"]
[WhiteFideId "13503189"]
[BlackFideId "2064910"]
[EventDate "2012.10.16"]

1. d4 Nf6 2. c4 e6 3. g3 d5 4. Bg2 Be7 5. Nf3 O-O 6. O-O c6 7. Qc2 Nbd7 8. Nbd2
b6 9. e4 c5 10. exd5 exd5 11. Ng5 cxd4 12. cxd5 Ba6 13. Re1 d3 14. Qa4 Nc5 15.
Qd4 Rc8 16. Nb3 h6 17. Nh3 Qd7 18. Bd2 Rfd8 19. Nf4 Bd6 20. Bh3 Qb5 21. Bxc8
Rxc8 22. Bc3 Rd8 23. Qe3 Bxf4 24. Qxf4 Nxd5 25. Qh4 Rc8 26. Bd2 Nxb3 27. axb3
Rc2 28. Rxa6 Qxa6 29. Re8+ Kh7 30. Qe4+ g6 31. Qxd5 1-0

[Event "Spice Cup Open"]
[Site "Saint Louis USA"]
[Date "2012.10.18"]
[Round "7"]
[White "Schneider, Veronika"]
[Black "Aripov, Iskandar"]
[Result "1-0"]
[WhiteTitle "WGM"]
[WhiteElo "2313"]
[BlackElo "2155"]
[WhiteFideId "721530"]
[BlackFideId "14202395"]
[EventDate "2012.10.16"]

1. e4 c5 2. c3 g6 3. d4 cxd4 4. cxd4 d5 5. exd5 Nf6 6. Nc3 Bg7 7. Bc4 O-O 8.
Nge2 Nbd7 9. Bb3 Nb6 10. Nf4 h6 11. h4 Ne8 12. Be3 Nd6 13. f3 Nbc4 14. Bc1 b5
15. Bc2 Qb6 16. Nfe2 b4 17. Na4 Qa5 18. b3 Na3 19. Be4 f5 20. Bd3 Qxd5 21. Be3
Nab5 22. Rc1 Qf7 23. Qd2 Kh7 24. Qxb4 a5 25. Qd2 Be6 26. O-O Rfd8 27. Rc5 Rab8
28. Rd1 Bd7 29. Rcc1 Qf6 30. Bf2 e5 31. dxe5 Qxe5 32. Qxa5 Ra8 33. Qb6 Rdb8 34.
Qc5 Qe8 35. Qe3 Qd8 36. Bb1 Be8 37. Nc5 Qf6 38. a4 Nc7 39. Bg3 Rd8 40. Nf4 Rac8
41. Nfe6 Nxe6 42. Nxe6 Rxc1 43. Rxc1 Rd7 44. Nxg7 Rxg7 45. Qe5 Qf7 46. Qxd6 Qxb3
47. Qd1 Qb4 48. Be1 Qb6+ 49. Bf2 Qb4 50. h5 Qf4 51. hxg6+ Bxg6 52. Rc5 h5 53.
Rd5 h4 54. Rd4 Qg5 55. Rxh4+ Bh5 56. g4 Kh6 57. Qd6+ Kh7 58. Kh2 Kg8 59. Rxh5
Qxh5+ 60. gxh5 f4 61. Qe6+ Kh8 62. Qe8+ Rg8 63. Bd4# 1-0

[Event "Spice Cup Open"]
[Site "Saint Louis USA"]
[Date "2012.10.19"]
[Round "8"]
[White "Helfst, Matt D"]
[Black "Bartholomew, John"]
[Result "0-1"]
[BlackTitle "IM"]
[WhiteElo "1965"]
[BlackElo "2446"]
[WhiteFideId "2044102"]
[BlackFideId "2019353"]
[EventDate "2012.10.16"]

1. d4 d5 2. c4 c6 3. cxd5 cxd5 4. Nc3 Nf6 5. Nf3 Nc6 6. Bf4 Nh5 7. Bg3 Nxg3 8.
hxg3 e6 9. Qc2 g6 10. e3 Bd7 11. a3 Rc8 12. Bd3 Bg7 13. O-O-O e5 14. dxe5 Nxe5
15. Nd4 O-O 16. Kb1 Qb6 17. Be2 Rc5 18. Qb3 Qd6 19. e4 Nc6 20. Ndb5 Qe7 21. Na4
Rxb5 22. Bxb5 dxe4 23. Qe3 a6 24. Bxc6 Bxc6 25. Nc3 b5 26. g4 b4 27. axb4 Qxb4
28. Rd2 Rb8 29. Nd1 Bb5 30. Nc3 Bd3+ 31. Kc1 Bxc3 0-1

[Event "Spice Cup Open"]
[Site "Saint Louis USA"]
[Date "2012.10.19"]
[Round "8"]
[White "Aripov, Iskandar"]
[Black "Agrest, Inna"]
[Result "1-0"]
[BlackTitle "WIM"]
[WhiteElo "2155"]
[BlackElo "2204"]
[WhiteFideId "14202395"]
[BlackFideId "1708830"]
[EventDate "2012.10.16"]

1. e4 e5 2. Nf3 Nc6 3. Nc3 Nf6 4. Bb5 Bb4 5. O-O O-O 6. Bxc6 dxc6 7. d3 Re8 8.
h3 c5 9. Bd2 c6 10. Qe2 h6 11. a3 Ba5 12. Qe3 Nh5 13. g4 Nf4 14. Nxe5 Bc7 15.
Qxf4 Bxe5 16. Qf3 Qh4 17. Nd1 h5 18. Ne3 hxg4 19. Nxg4 Bxg4 20. Qxg4 Qxg4+ 21.
hxg4 c4 22. Bc3 Bf4 23. Kg2 cxd3 24. Kf3 Be5 25. cxd3 Rad8 26. Ke3 g5 27. Rh1 c5
28. Rh5 Bxc3 29. bxc3 Re5 30. Rah1 Rd7 31. Rh8+ Kg7 32. R1h7+ Kf6 33. Rc8 Kg6
34. Rhh8 Kg7 35. d4 cxd4+ 36. cxd4 Ra5 37. e5 f6 38. e6 1-0

[Event "Spice Cup Open"]
[Site "Saint Louis USA"]
[Date "2012.10.19"]
[Round "8"]
[White "Corrales Jimenez, Fidel"]
[Black "Boros, Denes"]
[Result "1-0"]
[WhiteTitle "GM"]
[BlackTitle "GM"]
[WhiteElo "2605"]
[BlackElo "2492"]
[WhiteFideId "3506690"]
[BlackFideId "722340"]
[EventDate "2012.10.16"]

1. e4 e6 2. d4 d5 3. Nc3 Bb4 4. e5 c5 5. a3 Bxc3+ 6. bxc3 Qc7 7. Qg4 g6 8. Bd2
Bd7 9. Nf3 Nc6 10. Qf4 f6 11. h4 O-O-O 12. Rb1 h6 13. exf6 Qxf4 14. Bxf4 Nxf6
15. Ne5 Be8 16. Nxc6 Bxc6 17. f3 c4 18. g3 Nh5 19. Be5 Rhf8 20. Bh3 Rde8 21. O-O
Kd7 22. Kg2 Rf7 23. Rfe1 Ree7 24. Re3 Rf8 25. Rbe1 Ba4 26. R1e2 a5 27. Kh2 Bc6
28. Kg2 Ba4 29. Kf2 Bc6 30. Re1 Ba4 31. R3e2 Bc6 32. Rb1 Ref7 33. Re3 Re7 34.
Kg2 Ref7 35. Bg4 Nf6 36. Bh3 Nh5 37. Bb8 Rf6 38. Ba7 Ng7 39. Bb6 Nf5 40. Re2 Ra8
41. Bc5 Ra6 42. Re5 Rf7 43. a4 Ra8 44. Ba3 Rf6 45. Bc1 Rg8 46. Re2 Kc8 47. Ra1
Kd7 48. Bd2 Rg7 49. Be1 g5 50. h5 Rg8 51. Bd2 Kd6 52. Bg4 Kd7 53. Kh3 Rg7 54. f4
Nd6 55. fxg5 hxg5 56. Re5 Nf7 57. Rae1 Nxe5 58. Rxe5 Kd6 59. Bxg5 Rxg5 60. Rxg5
Bxa4 61. Rg7 Bc6 62. Rg8 b5 63. Kh4 a4 64. Kg5 Rf7 65. h6 a3 66. Rg7 a2 67. Rxf7
a1=Q 68. h7 Qa8 69. Rf6 Bd7 70. Bh5 Qd8 71. g4 b4 72. cxb4 c3 73. Bf7 Qh8 74.
Kg6 Ke7 75. g5 Kd8 76. Bxe6 Bxe6 77. Rxe6 Kd7 78. Rf6 Ke7 79. b5 Kd7 80. b6 Qe8+
81. Kg7 1-0

[Event "Spice Cup Open"]
[Site "Saint Louis USA"]
[Date "2012.10.19"]
[Round "8"]
[White "Perelshteyn, Eugene"]
[Black "Neimer, Vitaly"]
[Result "1/2-1/2"]
[WhiteTitle "GM"]
[BlackTitle "IM"]
[WhiteElo "2528"]
[BlackElo "2384"]
[WhiteFideId "2012529"]
[BlackFideId "2807017"]
[EventDate "2012.10.16"]

1. d4 Nf6 2. c4 e6 3. Nc3 Bb4 4. g3 d5 5. Bg2 O-O 6. Nf3 dxc4 7. O-O Nc6 8. a3
Be7 9. e4 Na5 10. Qe2 Nb3 11. e5 Nd5 12. Rb1 Nb6 13. Be3 Bd7 14. Rbd1 Bc6 15. h4
Qe8 16. Rfe1 Rd8 17. Qc2 h6 18. Qe2 f5 19. d5 Bxd5 20. Nxd5 exd5 21. e6 c5 22.
Bf4 d4 23. Ne5 d3 24. Qf3 d2 25. Re3 Nd5 26. Rxb3 cxb3 27. Nd7 Nxf4 28. Qxf4
Rxd7 29. exd7 Qxd7 30. Rxd2 Qc8 31. Qc4+ Kh8 32. Qxb3 c4 33. Qxb7 Qxb7 34. Bxb7
Bf6 35. Ba6 Rb8 36. Bxc4 Bxb2 37. a4 f4 38. h5 fxg3 39. fxg3 a5 40. Rd5 Bc3 41.
Kg2 Rf8 42. Bd3 Bb4 43. Bf5 Kg8 44. Be6+ Kh8 45. g4 Kh7 46. Rd7 Kh8 47. Bf7 Kh7
48. Kf3 Rb8 49. Ke4 Rc8 50. Kf5 Kh8 51. g5 hxg5 52. Kxg5 Bc5 53. Rd5 Be7+ 54.
Kg4 Rc4+ 55. Kf5 Rc5 56. Rxc5 1/2-1/2

[Event "Spice Cup Open"]
[Site "Saint Louis USA"]
[Date "2012.10.19"]
[Round "8"]
[White "Ramirez, Alejandro"]
[Black "Troff, Kayden W"]
[Result "1/2-1/2"]
[WhiteTitle "GM"]
[BlackTitle "FM"]
[WhiteElo "2551"]
[BlackElo "2312"]
[WhiteFideId "6500617"]
[BlackFideId "2047896"]
[EventDate "2012.10.16"]

1. c4 Nf6 2. Nc3 e5 3. Nf3 Nc6 4. a3 g6 5. g3 Bg7 6. Bg2 O-O 7. O-O d6 8. d3 h6
9. Bd2 Be6 10. b4 Qd7 11. Rc1 Bh3 12. Nd5 Bxg2 13. Kxg2 Nxd5 14. cxd5 Ne7 15.
Qb3 Rfc8 16. b5 a6 17. bxa6 Rxa6 18. Qxb7 Rxa3 19. Rc4 1/2-1/2

[Event "Spice Cup Open"]
[Site "Saint Louis USA"]
[Date "2012.10.19"]
[Round "8"]
[White "Mikhalevski, Victor"]
[Black "Yang, Darwin"]
[Result "1/2-1/2"]
[WhiteTitle "GM"]
[BlackTitle "IM"]
[WhiteElo "2538"]
[BlackElo "2485"]
[WhiteFideId "2801914"]
[BlackFideId "2029111"]
[EventDate "2012.10.16"]

1. c4 Nf6 2. g3 e6 3. Bg2 d5 4. Nf3 Be7 5. O-O O-O 6. b3 b6 7. Bb2 Bb7 8. e3 c5
9. Qe2 dxc4 10. bxc4 Nc6 11. Nc3 a6 12. d4 Na5 13. d5 exd5 14. cxd5 Nxd5 15.
Rfd1 Nxc3 16. Bxc3 Qc7 17. Bxa5 bxa5 18. Nd2 Bxg2 19. Kxg2 Rfd8 20. Nc4 Bf6 21.
Rab1 Rxd1 22. Qxd1 Rd8 23. Qf3 Qd7 24. Qe2 h6 25. Nxa5 Qd2 26. Qxd2 Rxd2 27. Rc1
Rxa2 28. Rxc5 Bc3 29. Rc8+ Kh7 30. Rxc3 Rxa5 31. Rc7 Kg6 32. g4 f6 33. Ra7 h5
34. gxh5+ Kh6 35. f4 Ra2+ 36. Kg3 Re2 37. Re7 Kxh5 38. Kf3 Rxh2 39. Rxg7 Kh6 40.
Rg1 Rh5 41. Ke4 Rb5 42. f5 Kh7 43. Rc1 a5 44. Rc6 Kg7 45. Ra6 Kf7 46. Ra7+ Kf8
47. Kf4 Re5 48. e4 Ke8 49. Kg4 Rxe4+ 50. Kh5 Re7 51. Ra8+ Kf7 52. Kh6 Re4 53.
Ra7+ Kf8 54. Kg6 a4 55. Kxf6 Kg8 56. Ra8+ Kh7 57. Kf7 Rb4 58. Ra7 a3 59. f6 a2
60. Rxa2 Rb7+ 61. Ke6 Rb6+ 62. Ke7 Rb7+ 63. Ke8 Rb8+ 1/2-1/2

[Event "Spice Cup Open"]
[Site "Saint Louis USA"]
[Date "2012.10.19"]
[Round "8"]
[White "Sarkar, Justin"]
[Black "Gerzhoy, Leonid"]
[Result "0-1"]
[WhiteTitle "IM"]
[BlackTitle "IM"]
[WhiteElo "2408"]
[BlackElo "2469"]
[WhiteFideId "2010011"]
[BlackFideId "2806126"]
[EventDate "2012.10.16"]

1. d4 d5 2. c4 c6 3. Nf3 e6 4. Nc3 dxc4 5. a4 Bb4 6. e3 b5 7. Bd2 a5 8. axb5
Bxc3 9. Bxc3 cxb5 10. b3 Bb7 11. bxc4 b4 12. Bb2 Nf6 13. c5 O-O 14. Bb5 Qc7 15.
O-O Ng4 16. g3 f5 17. Nd2 Rf6 18. Re1 Rh6 19. Nf1 Nf6 20. f3 Nc6 21. Nd2 Ne7 22.
Nc4 Ng4 23. Nd6 Rxh2 24. Bc1 Rf8 25. Rf1 Nc8 26. e4 Nxd6 27. cxd6 Qc3 28. Bf4
Qb2 0-1

[Event "Spice Cup Open"]
[Site "Saint Louis USA"]
[Date "2012.10.19"]
[Round "8"]
[White "Amanov, Mesgen"]
[Black "Kavutskiy, Konstantin"]
[Result "1-0"]
[WhiteTitle "GM"]
[BlackTitle "FM"]
[WhiteElo "2507"]
[BlackElo "2287"]
[WhiteFideId "14000652"]
[BlackFideId "2026384"]
[EventDate "2012.10.16"]

1. d4 Nf6 2. Nf3 g6 3. c4 Bg7 4. g3 O-O 5. Bg2 d6 6. Nc3 Nc6 7. O-O Bd7 8. d5
Na5 9. Nd2 c5 10. Qc2 a6 11. b3 b5 12. Bb2 Rb8 13. Rab1 e5 14. dxe6 Bxe6 15.
cxb5 axb5 16. Nce4 Bf5 17. Nxf6+ Bxf6 18. e4 Be6 19. f4 Bxb2 20. Qxb2 Nc6 21. f5
Bd7 22. Nf3 Re8 23. Rbd1 Rxe4 24. fxg6 hxg6 25. Rxd6 Qe7 26. Ng5 Qxd6 27. Nxe4
Qc7 28. Qf2 Bf5 29. Nxc5 Rc8 30. g4 Be6 31. Re1 Qd6 32. Nxe6 fxe6 33. Kh1 Rf8
34. Qc2 Ne7 35. Qe2 Nd5 36. Qxe6+ Qxe6 37. Rxe6 Nf4 38. Re4 g5 39. Bf1 Rc8 40.
Kg1 Rc1 41. h4 Nh3+ 42. Kg2 gxh4 43. Kxh3 Rxf1 44. Kxh4 Rf2 45. a4 bxa4 46. Rxa4
Rf6 47. Rb4 Ra6 48. Rb7 Rd6 49. b4 Re6 50. Kg5 Ra6 51. Kf5 Rc6 52. b5 Rh6 53. g5
Rd6 54. Re7 Rb6 55. Re5 Kg7 56. Ke4 Rd6 57. Rd5 1-0

[Event "Spice Cup Open"]
[Site "Saint Louis USA"]
[Date "2012.10.19"]
[Round "8"]
[White "Hendrickson, Nolan R"]
[Black "Bykhovsky, Anatoly"]
[Result "0-1"]
[BlackTitle "GM"]
[WhiteElo "2146"]
[BlackElo "2522"]
[WhiteFideId "2038188"]
[BlackFideId "2806991"]
[EventDate "2012.10.16"]

1. e4 c5 2. Nc3 Nc6 3. Bb5 Nd4 4. Nf3 Nxb5 5. Nxb5 d6 6. d4 a6 7. Nc3 cxd4 8.
Qxd4 e5 9. Qd3 h6 10. Nd5 Nf6 11. c4 Nxd5 12. cxd5 Be7 13. Be3 O-O 14. Nd2 f5
15. f3 Bh4+ 16. g3 fxe4 17. Nxe4 Rxf3 18. Nd2 Rf7 19. Nc4 Bf5 20. Qd2 Be4 21.
Rg1 Rc8 22. Nb6 Rc2 23. Qb4 Bf3 24. Qxh4 Re2+ 25. Kf1 Bg4+ 0-1

[Event "Spice Cup Open"]
[Site "Saint Louis USA"]
[Date "2012.10.19"]
[Round "8"]
[White "Finegold, Spencer"]
[Black "Fierro Baquero, Martha L."]
[Result "1-0"]
[BlackTitle "IM"]
[WhiteElo "2081"]
[BlackElo "2387"]
[WhiteFideId "2047527"]
[BlackFideId "3600270"]
[EventDate "2012.10.16"]

1. d4 g6 2. c4 Bg7 3. e4 d6 4. Nc3 Nc6 5. Be3 e5 6. Nge2 Nf6 7. d5 Ne7 8. f3 O-O
9. Qd2 Ne8 10. O-O-O f5 11. Kb1 a6 12. Nc1 Bd7 13. c5 Nf6 14. Be2 Kh8 15. Nb3
Rf7 16. Qc2 Nh5 17. Rhe1 Qf8 18. Na5 Rb8 19. Nc4 Nc8 20. cxd6 cxd6 21. Nb6 Nxb6
22. Bxb6 Bf6 23. Qb3 Rc8 24. g3 Kg8 25. a4 Bd8 26. a5 Nf6 27. Rc1 fxe4 28. Nxe4
Nxe4 29. fxe4 Bg5 30. Rc2 Bh3 31. Rd1 h5 32. Ka2 Kg7 33. Rd3 Bg2 34. Rc4 Rxc4
35. Qxc4 Qe8 36. Ra3 Qd7 37. Qc2 Qe7 38. Rc3 Qf6 39. Rc8 Bh3 40. Rb8 Bh6 41. Bc7
Qf2 42. Bxd6 Qd4 43. Re8 1-0

[Event "Spice Cup Open"]
[Site "Saint Louis USA"]
[Date "2012.10.19"]
[Round "8"]
[White "Cassidy, Brian H"]
[Black "Jung, Hans Rudolf"]
[Result "0-1"]
[BlackTitle "FM"]
[WhiteElo "2098"]
[BlackElo "2150"]
[WhiteFideId "2064910"]
[BlackFideId "2600609"]
[EventDate "2012.10.16"]

1. e4 e6 2. d4 d5 3. Nd2 Nf6 4. e5 Nfd7 5. Bd3 c5 6. c3 Nc6 7. Ne2 cxd4 8. cxd4
Qb6 9. Nf3 Qb4+ 10. Qd2 Qxd2+ 11. Bxd2 b6 12. a3 f6 13. exf6 gxf6 14. Nf4 Kf7
15. O-O Bd6 16. Rfe1 Nf8 17. Bb5 Bb7 18. Rac1 Rc8 19. b4 Rg8 20. h3 a6 21. Ba4
b5 22. Bb3 Ne7 23. Rxc8 Nxc8 24. Nd3 Nb6 25. Nc5 Bxc5 26. bxc5 Nc4 27. Bc1 Nd7
28. a4 e5 29. axb5 axb5 30. Bc2 e4 31. Nh4 Ke6 32. f3 Nb8 33. Kf2 Nc6 34. fxe4
Ra8 35. Kg3 Ra2 36. Bb1 Ra1 37. exd5+ Kxd5 38. Be4+ Kxd4 39. Nf5+ Kc3 40. Bxc6
Bxc6 41. Bd2+ Nxd2 42. Rxa1 b4 43. Ra6 Bd7 44. Ne3 Ne4+ 45. Kf4 Nxc5 46. Rxf6 b3
47. Kg5 Ne4+ 48. Kh6 0-1

[Event "Spice Cup Open"]
[Site "Saint Louis USA"]
[Date "2012.10.19"]
[Round "8"]
[White "Heredia Serrano, Carla"]
[Black "Kleiman, Jake"]
[Result "1-0"]
[WhiteTitle "WIM"]
[BlackTitle "IM"]
[WhiteElo "2188"]
[BlackElo "2377"]
[WhiteFideId "3603687"]
[BlackFideId "2020041"]
[EventDate "2012.10.16"]

1. e4 c5 2. Nf3 d6 3. d4 cxd4 4. Qxd4 Nc6 5. Bb5 Bd7 6. Bxc6 Bxc6 7. Nc3 e5 8.
Qd3 h6 9. Be3 Nf6 10. O-O-O a6 11. Nh4 g6 12. f4 Qa5 13. fxe5 dxe5 14. Rhf1 Bg7
15. Qc4 Rc8 16. Qb3 Bb5 17. Nxg6 Bxf1 18. Bb6 Bc4 19. Qxc4 1-0

[Event "Spice Cup Open"]
[Site "Saint Louis USA"]
[Date "2012.10.19"]
[Round "9"]
[White "Gerzhoy, Leonid"]
[Black "Amanov, Mesgen"]
[Result "1/2-1/2"]
[WhiteTitle "IM"]
[BlackTitle "GM"]
[WhiteElo "2469"]
[BlackElo "2507"]
[WhiteFideId "2806126"]
[BlackFideId "14000652"]
[EventDate "2012.10.16"]

1. d4 d5 2. Nf3 Nf6 3. e3 c5 4. c4 cxd4 5. exd4 g6 6. cxd5 Nxd5 7. Qb3 Nc6 8.
Nc3 e6 9. Bb5 Bg7 10. Bg5 Qb6 11. Qa3 f6 12. Nxd5 exd5 13. Bxc6+ bxc6 14. O-O
Kf7 15. Rfe1 Bf8 16. Qe3 fxg5 17. Qe8+ Kg7 18. Re7+ Bxe7 19. Qxe7+ Kg8 20. Qe8+ 1/2-1/2

[Event "Spice Cup Open"]
[Site "Saint Louis USA"]
[Date "2012.10.19"]
[Round "9"]
[White "Yang, Darwin"]
[Black "Finegold, Benjamin"]
[Result "1/2-1/2"]
[WhiteTitle "IM"]
[BlackTitle "GM"]
[WhiteElo "2485"]
[BlackElo "2493"]
[WhiteFideId "2029111"]
[BlackFideId "2000261"]
[EventDate "2012.10.16"]

1. d4 d5 2. c4 c6 3. Nf3 Nf6 4. Nc3 dxc4 5. a4 Na6 6. e4 Bg4 7. Bxc4 Bxf3 8.
gxf3 e6 9. Be3 Nb4 10. Qd2 a5 11. Rg1 g6 12. O-O-O Be7 13. Bh6 Qd7 14. Kb1 O-O-O
15. Qe3 Nh5 16. Rd2 Qc7 17. f4 Bd6 1/2-1/2

[Event "Spice Cup Open"]
[Site "Saint Louis USA"]
[Date "2012.10.19"]
[Round "9"]
[White "Hambleton, Aman"]
[Black "Sarkar, Justin"]
[Result "1/2-1/2"]
[WhiteTitle "FM"]
[BlackTitle "IM"]
[WhiteElo "2348"]
[BlackElo "2408"]
[WhiteFideId "2606577"]
[BlackFideId "2010011"]
[EventDate "2012.10.16"]

1. d4 Nf6 2. c4 e6 3. Nc3 Bb4 4. Qc2 O-O 5. a3 Bxc3+ 6. Qxc3 b6 7. Bg5 Bb7 8. f3
h6 9. Bh4 d5 10. e3 Nbd7 1/2-1/2

[Event "Spice Cup Open"]
[Site "Saint Louis USA"]
[Date "2012.10.19"]
[Round "9"]
[White "Ramirez, Alejandro"]
[Black "Perelshteyn, Eugene"]
[Result "1-0"]
[WhiteTitle "GM"]
[BlackTitle "GM"]
[WhiteElo "2551"]
[BlackElo "2528"]
[WhiteFideId "6500617"]
[BlackFideId "2012529"]
[EventDate "2012.10.16"]

1. c4 c5 2. Nf3 g6 3. g3 Bg7 4. Bg2 Nc6 5. O-O e6 6. Nc3 Nge7 7. d3 O-O 8. Bg5
h6 9. Bd2 d5 10. cxd5 exd5 11. a3 Be6 12. Rb1 Rc8 13. b4 c4 14. dxc4 dxc4 15.
Qc1 Nf5 16. Rd1 Qe7 17. e4 Nfd4 18. Nxd4 Nxd4 19. Bxh6 Nb3 20. Qe3 Bxh6 21. Qxh6
Rfd8 22. e5 Bf5 23. Rxd8+ Rxd8 24. Re1 Nd4 25. Nd5 Rxd5 26. Bxd5 Qd7 27. Bg2 c3
28. Qe3 c2 29. h3 Be6 30. Qc3 Bb3 31. Kh2 b5 32. Be4 Ba4 33. Qb2 Qd8 34. h4 Qd7
35. Rc1 Bb3 36. Qc3 Ba4 37. Bxc2 Bxc2 38. Rxc2 Qd5 39. Rc1 Nf3+ 40. Kh3 Nxe5 41.
Re1 f6 42. Qe3 a6 43. Qe4 Qd7+ 44. Kg2 Qd2 45. Re2 1-0

[Event "Spice Cup Open"]
[Site "Saint Louis USA"]
[Date "2012.10.19"]
[Round "9"]
[White "Troff, Kayden W"]
[Black "Mikhalevski, Victor"]
[Result "0-1"]
[WhiteTitle "FM"]
[BlackTitle "GM"]
[WhiteElo "2312"]
[BlackElo "2538"]
[WhiteFideId "2047896"]
[BlackFideId "2801914"]
[EventDate "2012.10.16"]

1. d4 Nf6 2. c4 g6 3. Nc3 d5 4. Nf3 Bg7 5. Qa4+ Bd7 6. Qb3 dxc4 7. Qxc4 O-O 8.
Bf4 Ne8 9. Be5 Nd6 10. Qb3 Bh6 11. e4 Nc6 12. Bg3 Bg4 13. Ne5 Nxe5 14. Bxe5 c5
15. d5 e6 16. Be2 Bxe2 17. Kxe2 Re8 18. Rad1 c4 19. Qb4 Bf8 20. Bxd6 Bxd6 21.
Qxc4 Qg5 22. h4 Qg4+ 23. Kf1 exd5 24. Qe2 Qe6 25. Nxd5 h5 26. Rh3 Kg7 27. Re3
Rac8 28. Qd3 Be5 29. Re2 Qg4 30. g3 Qh3+ 31. Kg1 Rc6 32. Qf3 Kg8 33. Red2 Kg7
34. b4 Rc4 35. a3 Qg4 36. Qxg4 hxg4 37. Ne3 Rxe4 38. Kg2 Re7 39. Rd7 Bb2 40.
Rxe7 Rxe7 41. Nc4 Bf6 42. Rd3 b5 43. Ne3 Re4 44. Nd5 Bb2 45. Rb3 Bd4 46. Rd3 Bb2
47. Nc3 Re5 48. Nd1 Bc1 49. Rc3 Bd2 50. Rc2 Rd5 51. Kf1 Bh6 52. Nc3 Re5 53. Re2
Rf5 54. Re7 a6 55. Ra7 Be3 56. Rxa6 Rxf2+ 57. Ke1 Rf3 58. Ne2 Bf2+ 59. Kd2 Bxg3
60. Nxg3 Rxg3 61. Ra5 f5 62. Rxb5 Rxa3 63. Ke2 f4 64. Rg5 g3 65. Kf1 Kf6 66. Kg2
Ra2+ 67. Kh3 Rh2+ 68. Kg4 Rf2 69. Kh3 Rh2+ 70. Kg4 g2 71. Kf3 Rh3+ 72. Kxg2 Rxh4
73. Rc5 g5 74. b5 Rg4+ 75. Kf2 Rg3 76. Rc8 Rb3 77. Rb8 Kf5 78. b6 Rb2+ 79. Ke1
Kg4 80. b7 f3 81. Kd1 Rb1+ 82. Kc2 f2 83. Rf8 Rxb7 84. Rxf2 Rd7 85. Rg2+ Kf4 86.
Rd2 Rxd2+ 87. Kxd2 Kf3 0-1